|
|
|
|
| LEADER |
00801nam a2200205 a 4500 |
| 001 |
c000014199 |
| 003 |
CARM |
| 005 |
00000000000000.0 |
| 008 |
870401s1957 enk 00000 eng d |
| 019 |
1 |
|
|a 6367603
|z 26964192
|5 LACONCORD2021
|
| 035 |
|
|
|a (OCoLC)3373021
|5 LACONCORD2021
|
| 100 |
1 |
|
|a Portmann, Heinrich.
|
| 245 |
0 |
0 |
|a Cardinal von Galen /
|c Translated [from the German] adapted and with an introd. by R. L. Sedgwick.
|
| 260 |
|
|
|a London :
|b Jarrolds,
|c [1957].
|
| 300 |
|
|
|b ports.
|
| 600 |
1 |
0 |
|a Galen, Clemens August von,
|d 1878-1946.
|
| 852 |
8 |
|
|b CARM
|h A2:AE07B0
|i B00350
|p 0019377
|f BK
|
| 082 |
0 |
4 |
|a 262.1350924
|
| 999 |
f |
f |
|i 9a88c5da-d100-52f6-b943-942e827d2334
|s 99e417d0-4a9c-5c82-ac34-34c933d0acb9
|
| 952 |
f |
f |
|p Can circulate
|a CAVAL
|b CAVAL
|c CAVAL
|d CARM 1 Store
|e B00350
|f A2:AE07B0
|h Other scheme
|i book
|m 0019377
|